Statistics for Denmark Euro 2021 Squad

Click here to take the quiz!

General Stats

  • This quiz has been taken 20 times
  • The average score is 16 of 26

Answer Stats

PositionClubPlayer% Correct
GKLeicester CityKasper Schmeichel
100%
DFChelseaAndreas Christensen
93%
MFInter MilanChristian Eriksen
93%
MFValencia CFDaniel Wass
93%
DFSouthamptonJannik Vestergaard
93%
MFTottenham HotspurPierre-Emile Hojbjerg
93%
DFAC MilanSimon Kjaer
93%
FWRB LeipzigYussuf Poulsen
93%
MFBorussia DortmundThomas Delaney
86%
FWFC BarcelonaMartin Braithwaite
79%
DFFulhamJoachim Andersen
71%
FWOGC NiceKasper Dolberg
71%
FWBolognaAndreas Skov Olsen
64%
DFAtalantaJoakim Maehle
64%
MFTSG HoffenheimRobert Skov
64%
MFBrentfordMathias Jensen
57%
FWSampdoriaMikkel Damsgaard
50%
MFBrentfordChristian Norgaard
43%
DFUdineseJens Stryger Larsen
43%
MFMalmo FFAnders Christiansen
36%
FWParmaAndreas Cornelius
36%
GKFC Schalke 04Frederik Ronnow
36%
FWFC CopenhagenJonas Wind
36%
DFFC CopenhagenMathias Jorgensen
36%
GKFC MidtjyllandJonas Lossl
14%
DFFC CopenhagenNicolai Boilesen
0%

Score Distribution

Percentile by Number Answered

Percent of People with Each Score

Your Score History

You have not taken this quiz